| 000 | 00375nam a2200157Ia 4500 | ||
|---|---|---|---|
| 008 | 230524s9999 xx 000 0 und d | ||
| 082 |
_a621.386 _bAMO |
||
| 100 | _aS.W.Amos | ||
| 245 | 0 | _aPrinciples of Transistor Circuits | |
| 250 | _a7TH | ||
| 260 |
_aNEW DELHI _bCBS _c1992 |
||
| 300 | _aVII;351 | ||
| 500 | _aQuantity Number: 2 | ||
| 650 | _aElectrical | ||
| 942 | _cBK | ||
| 999 |
_c21350 _d21350 |
||